000 00526nam a2200205Ia 4500
003 OSt
005 20221007112254.0
006 a|||||r|||| 00| 0
007 ta
008 221006b |||||||| |||| 00| 0 eng d
024 _a25,889
037 _cBound Volume
040 _aLCO
_cLCO
_beng
041 _2eng
_aeng
245 0 _aECONOMIC AND POLITICAL WEEKLY
260 _aBombay
_bA Sameeksha trust publication India
_c1980
490 _v43 -2008
942 _cCR
999 _c1195452
_d1195452